000 00376nam a2200133 4500
005 20260530113907.0
100 1 _aPaul Arthur • Romedi Pasini
_932950
245 1 0 _aWayfinding • People, Signs and Architecture
264 1 _bMcGraw Hill Company
_c1994
300 _a238 páginas
336 _atexto
_2rdacontent
337 _asin medio
_2rdamedia
338 _avolumen
_2rdacarrier
999 _c12001
_d12001